Pensamientos / (Record no. 16292)

MARC details
000 -LEADER
campo de control de longitud fija 00718nam a2200229 i 4500
001 - NÚMERO DE CONTROL
campo de control 16292
003 - IDENTIFICADOR DE NÚMERO DE CONTROL
campo de control ES-MaACL
005 - FECHA Y HORA DE LA ÚLTIMA TRANSACCIÓN
campo de control 20240501063023.0
007 - CAMPO FIJO DE DESCRIPCIÓN FÍSICA--INFORMACIÓN GENERAL
campo de control de longitud fija t|
008 - DATOS DE LONGITUD FIJA--INFORMACIÓN GENERAL
campo de control de longitud fija 000825s1998 sp ||||1| spa d
020 ## - NÚMERO INTERNACIONAL ESTÁNDAR DEL LIBRO
Número Internacional Estándar del Libro 84-8191-190-9
080 ## - NÚMERO DE LA CLASIFICACIÓN DECIMAL UNIVERSAL
Número de la Clasificación Decimal Universal 821.131.1-84"18"
100 1# - ENTRADA PRINCIPAL--NOMBRE DE PERSONA
Nombre de persona Leopardi, Giacomo,
Fechas asociadas al nombre 1798-1837
9 (RLIN) 71704
245 10 - MENCIÓN DEL TÍTULO
Título Pensamientos /
Mención de responsabilidad, etc. Giacomo Leopardi ; selección, traducción y prólogo de César Palma.
260 ## - PUBLICACIÓN, DISTRIBUCIÓN, ETC.
Lugar de publicación, distribución, etc. Valencia :
Nombre del editor, distribuidor, etc. Pre-Textos,
Fecha de publicación, distribución, etc. 1998.
300 ## - DESCRIPCIÓN FÍSICA
Extensión 174 p. ;
Dimensiones 19 cm.
490 1# - MENCIÓN DE SERIE
Mención de serie Pre-textos ;
Designación de volumen o secuencia 346.
Mención de serie Ensayo
700 1# - ENTRADA AGREGADA--NOMBRE PERSONAL
Nombre de persona Palma, César.
9 (RLIN) 88608
830 0# - PUNTO DE ACCESO ADICIONAL DE SERIE-TÍTULO UNIFORME
Título uniforme Pre-textos ;
Designación de volumen o secuencia 346.
Título uniforme Ensayo
9 (RLIN) 179721
852 ## - LOCALIZACIÓN
Ubicación ES-MaACL
Número de control de estantería L-23556
Sublocalización o colección R.128849
Holdings
Estatus retirado Estado de pérdida Estado de daño No para préstamo Biblioteca de origen Biblioteca actual Ubicación en estantería Fecha de adquisición Fuente de adquisición Total de préstamos Signatura topográfica completa Código de barras Visto por última vez Precio de reemplazo Tipo de ítem Koha
        Biblioteca del Ateneo de Madrid Biblioteca del Ateneo de Madrid Depósito 2 17/01/2008     L-23556 1016554 23/02/2023 23/02/2023 Libro impreso